| 000 | 01766nam a2200337 c 4500 | ||
|---|---|---|---|
| 003 | BLK | ||
| 005 | 20180422102416.0 | ||
| 008 | 180408b bul|||||r ||||||| ||bul|| | ||
| 010 | _aKNG00065065000 | ||
| 040 | _aBLK | ||
| 041 |
_aBUL _cBUL |
||
| 080 |
_aГеография на България _b913(497.2) _x _z913(497.2) |
||
| 080 |
_aСоциална география. Икономическа география. География на туризма _b338:91 _x(497.2) _z338:91(497.2) |
||
| 700 | 1 |
_aМишев, Кирил _eотг. ред. на том _9369360 |
|
| 139 |
_aГеография на България _bГ 34 |
||
| 245 | 1 | 0 |
_aГеография на България _bМоногр. : В 3 т. _cотг. ред. на том Кирил Мишев. _nТ. 3 _pФизикогеографско и социално-икономическо райониране |
| 257 | _aBGR | ||
| 260 |
_аСофия _bБАН _c1981 - |
||
| 300 | _c25 см | ||
| 380 | _a91 | ||
| 650 | 4 |
_aБългария - физическа география _9280763 |
|
| 650 | 4 |
_aИкономическо райониране - България _9290243 |
|
| 653 | _aфизическа география | ||
| 653 | _aБългария | ||
| 760 | 1 |
_d1989 _h584 с. : с к., табл., диагр., 2 л. к. _nДруги ред. : Р. Найденова, Д. Дончев, П. Попов, Х. Ташков. - 7000 тир. - Библиогр. след отд. разд. - Рез. на рус., англ. ез. _tТ. 3 Физикогеографско и социално-икономическо райониране |
|
| 852 | _aЦб 108408 | ||
| 856 | 4 |
_qpdf _u |
|
| 856 | 4 |
_qpdf _u |
|
| 942 |
_cKNG _n0 |
||
| 944 |
_aCR _c13.06.2004 _kЧиталня |
||
| 944 |
_aED _c25.02.2015 _kТеодора_Стоянова |
||
| 999 |
_c60877 _d60877 |
||